000 00691nam a2200217Ii 4500
003 JO-AjNU
008 230606s9999||||xx |||||||||||||| ||und||
020 _a978-0-521-61235-7
040 _aJO-AjNU
_beng
_erda
_cJO-AjNU
041 _aeng
050 1 4 _aP121.I58 2012
100 3 _aW.Fasold,Ralph تأليف/ Connor-Linton,Jeff Editors,
_eauthor
_92667
245 0 3 _aAn Introduction To Language And Linguistics
250 _a5 ed
264 3 1 _aNew York:Cambridge University Press,2012
300 _a540p
336 _atext
_btxt
_2rdacontent
337 _aunmediated
_bn
_2rdamedia
338 _avolume
_bnc
_2rdacarrier
650 4 _aAn Introduction To Language And Linguistics
_92668
999 _aE1393
_c1393
_d1393